GUIDELINES FOR DRINKING WATER FOR QUALITY FRIST (Record no. 758)

MARC details
000 -LEADER
fixed length control field 00328nam a2200133Ia 4500
008 - FIXED-LENGTH DATA ELEMENTS--GENERAL INFORMATION
fixed length control field 150201s2006 xx 000 0 und d
082 ## - DEWEY DECIMAL CLASSIFICATION NUMBER
Classification number 610
Item number G06W
100 ## - MAIN ENTRY--PERSONAL NAME
Personal name WHO
245 ## - TITLE STATEMENT
Title GUIDELINES FOR DRINKING WATER FOR QUALITY FRIST
250 ## - EDITION STATEMENT
Edition statement 3RD
260 ## - PUBLICATION, DISTRIBUTION, ETC. (IMPRINT)
Name of publisher, distributor, etc. AITBS
Place of publication, distribution, etc. DELHI
Date of publication, distribution, etc. 2006
650 ## - SUBJECT ADDED ENTRY--TOPICAL TERM
Topical term or geographic name as entry element COMMUNITY MEDICINE
942 ## - ADDED ENTRY ELEMENTS (KOHA)
Source of classification or shelving scheme Dewey Decimal Classification
Koha item type Books
Holdings
Withdrawn status Lost status Source of classification or shelving scheme Damaged status Not for loan Collection code Home library Current library Shelving location Date acquired Source of acquisition Cost, normal purchase price Serial Enumeration / chronology SGTU Bill Number Total Checkouts Full call number Barcode Date last seen Bill Date Koha item type Date last checked out
    Dewey Decimal Classification     MEDICAL SGT Medical Library SGT Medical Library Text Book 26/02/2010 U.B.S. DELHI 75.00 I SGTU 993   610 G06W FM3282 09/02/2015 26/02/2010 Books  
    Dewey Decimal Classification     MEDICAL SGT Medical Library SGT Medical Library Text Book 26/02/2010 U.B.S. DELHI 75.00 I SGTU 993 1 610 G06W FM3283 17/12/2020 26/02/2010 Books 17/11/2020